[Event "Match"]
[Site "www.echecsemail.com"]
[Date "2018.09.03"]
[Round "1"]
[White "Ranjachess"]
[Black "Rindrandria"]
[WhiteElo "1800"]
[BlackElo "1780"]
[Result "0-1"]
[Round "1"]
1.e4 d5
2.exd5 Qd8xd5
3.Ng1f3 Qd5e4
4.Bf1e2 Bc8g4
5.O-O Qe4g6
6.Nf3e5 Bg4xe2
7.Ne5xg6 Be2xd1
8.Ng6xh8 Bd1xc2
9.b3 g6
10.Nh8xf7 Kxf7
11.d4 Bf8g7
12.Bc1e3 c5
13.Rf1c1 cxd4
14.Rc1xc2 dxe3
15.Nb1c3 exf2
16.Kxf2 Nb8a6
17.Ra1c1 Na6b4
18.Rc2e2 Nb4d3
19.Kf3 Nd3xc1
20.Re2e3 Bg7d4
21.Re3e1 Nc1d3
22.Ke4 Bd4xc3
23.Kxd3 Bc3xe1
24.g4 Ra8d8
25.Ke4 Rd8d2
26.h3 Rd2xa2
27.Kf4 Ra2h2
28.h4 Rh2xh4
29.Kg5 Rh4h3
30.b4 Be1d2

0-1

[Event "Match"]
[Site "www.echecsemail.com"]
[Date "2018.09.03"]
[Round "1"]
[White "Guidom"]
[Black "Alessiov"]
[WhiteElo "2130"]
[BlackElo "2260"]
[Result "0-1"]
[Round "1"]
1.e4 e5
2.Ng1f3 Nb8c6
3.Bf1b5 a6
4.Bb5a4 Ng8f6
5.d3 Bf8c5
6.O-O b5
7.Ba4b3 d6
8.Bc1g5 Nc6a5
9.Nb1d2 h6
10.Bg5h4 Bc5b6
11.c3 Na5xb3
12.axb3 g5
13.Bh4g3 Nf6h5
14.Qd1e2 Nh5xg3
15.hxg3 h5
16.d4 h4
17.gxh4 g4
18.g3 gxf3
19.Nd2xf3 Bc8g4
20.Qe2e3 Qd8f6
21.Nf3h2 Bg4h5
22.dxe5 Qf6xe5
23.Qe3d3 f5
24.Rf1e1 f4
25.Kg2 fxg3
26.fxg3 Rh8g8
27.Nh2f1 Kd7
28.Qd3d5 Ra8f8
29.Qd5xe5 Rf8f2
30.Kg1 dxe5
31.Ra1xa6 Bh5f3
32.Nf1e3 Rf2xb2
{ resign }
0-1

[Event "Tourn. n9873"]
[Site "www.echecsemail.com"]
[Date "2018.09.03"]
[Round "1"]
[White "Passaroa25"]
[Black "Hansen"]
[WhiteElo "1690"]
[BlackElo "1520"]
[Result "0-1"]
[Round "1"]
1.Ng1f3 d6
2.Nb1c3 g6
3.e4 c6
4.d4 b5
5.Bc1e3 Bc8g4
6.h3 Bg4xf3
7.gxf3 b4
8.Nc3e2 e6
9.b3 g5
10.Qd1d2 d5
11.e5 f6
12.Ne2g3 h6
13.Bf1e2 fxe5
14.dxe5 Nb8d7
15.Be3d4 c5
16.Bd4b2 d4
17.Be2c4 Qd8e7
18.Qd2e2 Bf8g7
19.O-O Nd7xe5
20.Bc4d3 h5
21.Bd3b5 Kf7
22.Qe2e4 Ra8b8
23.Bb5a4 Ng8f6
24.Qe4e2 g4
25.Qe2xe5 Rb8d8
26.Qe5e2 Nf6d5
27.hxg4 Nd5f4
28.Qe2e4 e5
29.Ng3f5 Qe7g5
30.Qe4b7 Kf6
31.Nf5xg7 hxg4
32.Qb7c6 Kxg7
33.Qc6b7 Kf6
34.Rf1c1 gxf3
35.Kf1 Rh8h1

0-1

[Event "Tourn. n9884"]
[Site "www.echecsemail.com"]
[Date "2018.09.03"]
[Round "1"]
[White "Hansen"]
[Black "Azulmarino"]
[WhiteElo "1520"]
[BlackElo "1620"]
[Result "1-0"]
[Round "1"]
1.e4 e5
2.d4 d6
3.Nb1c3 Ng8f6
4.h3 a6
5.Bf1c4 h6
6.Qd1f3 exd4
7.Bc1f4 Nb8c6
8.Nc3a4 Nc6b4
9.Qf3b3 a5
10.Bc4xf7 Ke7
11.Ng1f3 d5
12.Bf7g6  { time }
1-0

[Event "Tourn. n9843"]
[Site "www.echecsemail.com"]
[Date "2018.09.03"]
[Round "1"]
[White "Sachpat"]
[Black "Conde7"]
[WhiteElo "2810"]
[BlackElo "2790"]
[Result "1/2-1/2"]
[Round "1"]
1.e4 e5
2.Ng1f3 Nb8c6
3.Bf1b5 a6
4.Bb5a4 Ng8f6
5.d3 Bf8c5
6.O-O b5
7.Ba4b3 d6
8.a4 b4
9.a5 O-O
10.Bc1e3 Bc5xe3
11.fxe3 Bc8e6
12.Nb1d2 Ra8b8
13.Qd1e1 Be6xb3
14.Nd2xb3 Qd8d7
15.h3 h6
16.Qe1g3 Nf6h5
17.Qg3f2 Nh5f6
18.Nf3h4 Nc6e7
19.Qf2e2 Qd7e6
20.Rf1f2 Rb8b5
21.g4 Nf6d7
22.Nh4f5 Ne7xf5
23.exf5 Qe6f6
24.e4 Nd7c5
25.Nb3d2 Rf8d8
26.Rf2f1 Nc5b7
27.Nd2f3 d5
28.Kh1 dxe4
29.dxe4 Kf8
30.Rf1g1 Qf6c6
31.g5 Ke7
32.Rg1g2 Nb7d6
33.gxh6 gxh6
34.Ra1e1 Kd7
35.Qe2d2 Rd8h8
36.Qd2xb4 Rh8e8
37.Qb4d2 Rb5xb2
38.Qd2xh6 Rb2xc2
39.Rg2xc2 Qc6xc2
40.Qh6e3 Qc2b2
41.Re1e2 Qb2a1
42.Kh2 Qa1xa5
43.Nf3g5 Qa5b6
44.Qe3c1 Re8g8
45.Re2b2 Qb6a7
{ draw }
1/2-1/2

[Event "Match"]
[Site "www.echecsemail.com"]
[Date "2018.09.03"]
[Round "1"]
[White "J1j6"]
[Black "Cal"]
[WhiteElo "1900"]
[BlackElo "1710"]
[Result "1-0"]
[Round "1"]
1.c4 e5
2.Nb1c3 Nb8c6
3.e3 a6
4.d4 Bf8b4
5.Bc1d2 exd4
6.exd4 Nc6xd4
7.Bf1d3 c6
8.a3 h6
9.axb4 Qd8e7
10.Nc3e2 Ng8f6
11.Bd2c3 O-O
12.Bc3xd4 d6
13.Qd1c2 b5
14.cxb5 cxb5
15.h3 Bc8b7
16.f3 Nf6h5
17.O-O-O Qe7e6
18.g4 Nh5f6
19.Ne2f4 Qe6d7
20.Bd4c3 d5
21.Nf4e2 Qd7d6
22.Kb1 Ra8c8
23.Qc2d2 Rf8e8
24.Bd3f5 Rc8c4
25.Ne2d4 Bb7c8
26.Bf5xc8 Re8xc8
27.Ng1e2 Nf6d7
28.Nd4f5 Qd6g6
29.Ka1 Rc8e8
30.Nf5xg7 Re8e7
31.Ng7f5 a5
32.Nf5xe7 { resign }
1-0

[Event "Tourn. n9816"]
[Site "www.echecsemail.com"]
[Date "2018.09.03"]
[Round "1"]
[White "Kevinking"]
[Black "Pablincho"]
[WhiteElo "1870"]
[BlackElo "1809"]
[Result "1-0"]
[Round "1"]
1.d4 e6
2.e4 d5
3.e5 h6
4.Ng1f3 Bf8e7
5.Bf1e2 Nb8c6
6.O-O a6
7.a4 Be7h4
8.g3 Bh4g5
9.c3 Bg5xc1
10.Qd1xc1 Ng8e7
11.Nb1a3 O-O
12.Qc1d2 Ne7g6
13.Be2d3 f5
14.exf6 Rf8xf6
15.Nf3e1 e5
16.dxe5 Ng6xe5
17.f4 Ne5xd3
18.Ne1xd3 Bc8f5
19.Nd3f2 Nc6a5
20.Ra1d1 c6
21.c4 Na5b3
22.Qd2b4 Nb3a5
23.Qb4c3 Qd8b6
24.b4 Na5xc4
25.Na3xc4 dxc4
26.Qc3xc4 Bf5e6
27.Qc4c5 Qb6c7
28.Rd1d6 Rf6f5
29.Qc5d4 Rf5d5
30.Rd6xd5 Be6xd5
31.Rf1e1 Ra8f8
32.Re1e5 b5
33.axb5 axb5
34.Re5e1 Rf8d8
35.Qd4c5 Qc7f7
36.Qc5e7 Rd8a8
37.Qe7xf7  { time }
1-0

[Event "Tourn. n9816"]
[Site "www.echecsemail.com"]
[Date "2018.09.03"]
[Round "1"]
[White "Pablincho"]
[Black "Libiesse"]
[WhiteElo "1809"]
[BlackElo "1900"]
[Result "0-1"]
[Round "1"]
1.e4 c5
2.Nb1c3 e6
3.Bf1c4 a6
4.a3 b5
5.Bc4a2 Nb8c6
6.d3 Ng8f6
7.h3 Bc8b7
8.Ng1f3 Qd8c7
9.Bc1e3 Bf8e7
10.O-O O-O
11.Nc3e2 Rf8d8
12.c3 d5
13.Qd1c2 Ra8c8
14.Nf3h2 d4
15.Be3f4 e5
16.Bf4g3 Nc6a5
17.Nh2f3 Be7d6
18.Ra1c1 Nf6d7
19.Ba2b1 f6
20.Nf3h4 c4
21.cxd4 Na5b3
22.Rc1d1 Nb3a1
23.Qc2c3 Na1b3
24.Nh4f5 Nd7b6
25.Bb1c2 Nb6a4
26.Qc3e1 Na4xb2
27.Nf5xd6 Qc7xd6
 { time }
0-1

[Event "Tourn. n9921"]
[Site "www.echecsemail.com"]
[Date "2018.09.03"]
[Round "1"]
[White "Ll69"]
[Black "Apdash"]
[WhiteElo "2240"]
[BlackElo "2130"]
[Result "1-0"]
[Round "1"]
1.d4 d5
2.Bc1f4 Ng8f6
3.e3 e6
4.Ng1f3 c5
5.Bf1e2 Nb8c6
6.O-O cxd4
7.exd4 Qd8b6
8.Nb1c3 Nf6h5
9.Bf4e3 Nh5f6
10.b3 Bf8d6
11.Nc3b5 Bd6b8
12.c4 a6
13.Nb5c3 O-O
14.Nf3e5 Qb6b4
15.Ne5xc6 bxc6
16.Nc3a4 dxc4
17.bxc4 Nf6e4
18.Be2f3 f5
19.Qd1c2 Qb4d6
20.g3 Ne4f6
21.Ra1b1 Bb8a7
22.Rf1d1 Nf6g4
23.Be3f4 Qd6d7
24.Na4b6 Ba7xb6
25.Rb1xb6 Bc8b7
26.Rd1b1 Ra8a7
27.Qc2b2 Bb7a8
28.Bf4b8 c5
29.Bf3xg4 fxg4
30.Bb8xa7 Qd7xa7
31.Rb6b8 cxd4
32.Rb8xf8 Kxf8
33.Qb2b8 Qa7xb8
34.Rb1xb8 { resign }
1-0

[Event "Match"]
[Site "www.echecsemail.com"]
[Date "2018.09.03"]
[Round "1"]
[White "Apdash"]
[Black "Ericleo1980"]
[WhiteElo "1810"]
[BlackElo "2160"]
[Result "1-0"]
[Round "1"]
1.e4 c5
2.Ng1f3 d6
3.d4 cxd4
4.Nf3xd4 Ng8f6
5.Nb1c3 a6
6.Bf1c4 e6
7.O-O b5
8.Bc4b3 Bc8d7
9.Bc1g5 Bf8e7
10.Rf1e1 Qd8c7
11.Kh1 Nb8c6
12.f4 O-O
13.Qd1d3 Rf8d8
14.Ra1d1 Nc6xd4
15.Qd3xd4 Bd7c6
16.Qd4f2 b4
17.Bg5xf6 Be7xf6
18.Nc3b1 Bf6xb2
19.c4 bxc3
20.Re1e3 Bc6b7
21.Nb1xc3 Bb2xc3
22.Rd1c1 Qc7a5
23.Rc1xc3 Bb7xe4
24.Rc3c1 Qa5f5
25.Kg1 Rd8c8
26.Re3c3 Rc8xc3
27.Rc1xc3 Qf5a5
28.Qf2d2 Qa5b6
29.Kh1 d5
30.Qd2c1 h6
31.Bb3c2 Qb6d4
32.Bc2xe4 Qd4xe4
33.h3 a5
34.Rc3c7 Ra8b8
35.Qc1d2 a4
36.Rc7a7 Rb8b1
37.Kh2 Rb1b4
38.Kg3 Rb4d4
{ time. }
1-0

[Event "Match"]
[Site "www.echecsemail.com"]
[Date "2018.09.03"]
[Round "1"]
[White "Eeze"]
[Black "Pablincho"]
[WhiteElo "1859"]
[BlackElo "1809"]
[Result "1-0"]
[Round "1"]
1.e4 e6
2.Ng1f3 d5
3.exd5 Qd8xd5
4.Nb1c3 Qd5d8
5.d4 h6
6.Bf1e2 Ng8f6
7.h3 Nb8d7
8.O-O a6
9.a3 Bf8d6
10.Nf3e5 O-O
11.Bc1f4 c6
12.b4 b5
13.Ne5xc6 Qd8c7
14.Bf4xd6 Qc7xd6
15.Be2f3 Nf6d5
16.Nc3xd5 exd5
17.Nc6a5 Rf8e8
18.Na5b3 Bc8b7
19.Nb3c5 Bb7c6
20.c3 Nd7f6
21.Rf1e1 Nf6e4
22.Bf3xe4 dxe4
23.Re1e3 f5
24.Qd1c2 f4
25.Re3e1 f3
26.g3 Qd6e7
27.Qc2d2 Qe7f7
28.Re1e3 a5
29.Qd2c2 a4
30.Nc5xe4 Qf7g6
31.Ne4f6 Qg6xf6
32.Ra1e1 Re8xe3
33.Re1xe3 Ra8f8
34.Re3e5  { time }
1-0

[Event "Tourn. n9880"]
[Site "www.echecsemail.com"]
[Date "2018.09.03"]
[Round "1"]
[White "Seger"]
[Black "Cathar"]
[WhiteElo "2860"]
[BlackElo "2380"]
[Result "1-0"]
[Round "1"]
1.d4 f5
2.e3 Ng8f6
3.c4 g6
4.Bf1e2 Bf8g7
5.h4 h6
6.Ng1h3 O-O
7.Nh3f4 Qd8e8
8.Nb1c3 c6
9.h5 g5
10.Nf4g6 Rf8f7
11.Ng6e5 Rf7f8
12.b4 d6
13.Ne5g6 Rf8f7
14.b5 e5
15.Bc1a3 Rf7d7
16.Qd1b3 Kh7
17.Ra1d1 e4
18.g3 Rd7d8
19.Kf1 d5
20.Ba3e7 Rd8d7
21.Be7xf6 Bg7xf6
22.cxd5 cxd5
23.Nc3xd5 { resign }
1-0

[Event "Tourn. n9857"]
[Site "www.echecsemail.com"]
[Date "2018.09.03"]
[Round "1"]
[White "Cristiano"]
[Black "Ditto"]
[WhiteElo "1920"]
[BlackElo "1880"]
[Result "1-0"]
[Round "1"]
1.e4 e5
2.f4 exf4
3.Ng1f3 Bf8c5
4.d4 Bc5e7
5.Bc1xf4 d6
6.Nb1c3 Bc8g4
7.Bf1c4 Ng8f6
8.h3 Bg4d7
9.Qd1d2 Bd7c6
10.d5 Bc6d7
11.O-O-O O-O
12.g4 a6
13.Kb1 Qd8e8
14.g5 Nf6h5
15.Bf4e3 c6
16.Rd1g1 b5
17.Bc4d3 c5
18.Bd3e2 f6
19.h4 f5
20.exf5 Bd7xf5
21.Nf3h2 b4
22.Nc3d1 Bf5g6
23.Be2d3 Nb8d7
24.Nh2g4 Be7d8
25.Bd3xg6 Qe8xg6
26.Nd1f2 Nd7b6
27.Qd2d3 Qg6xd3
28.Nf2xd3 Nb6xd5
29.Be3d2 g6
30.Rh1h2 a5
31.Rh2f2 Rf8xf2
32.Ng4xf2 Nh5g7
33.Nf2e4 Bd8e7
34.Rg1f1 Ng7e6
35.b3 a4
36.Ne4f6 Nd5xf6
37.gxf6 Be7d8
38.Bd2h6 Ra8a7
39.Nd3b2 Kf7
40.Nb2xa4 Ne6d4
41.Bh6g5 Nd4f5
42.Na4b2 Bd8xf6
43.Bg5xf6 Kxf6
44.Nb2c4 Ra7d7
45.Nc4b6 Rd7e7
46.Nb6d5 Kf7
47.Nd5xe7 Kxe7
48.h5 Kf6
49.hxg6 hxg6
50.Kb2 Ke5
51.a4 Nf5d4
52.c3 bxc3
53.Kxc3 Nd4e2
54.Kc4 Ne2f4
55.Rf1e1 Kf5
56.a5 Nf4e6
57.Kd5 Ne6f4
58.Kxd6 Nf4d3
59.Re1f1 Kg5
60.a6 Nd3b4
61.a7 { resign }
1-0

[Event "Match"]
[Site "www.echecsemail.com"]
[Date "2018.09.03"]
[Round "1"]
[White "Juheset"]
[Black "Yakke"]
[WhiteElo "1980"]
[BlackElo "1770"]
[Result "1-0"]
[Round "1"]
1.Ng1f3 Nb8c6
2.e4 e5
3.Bf1b5 Nc6b4
4.Nf3xe5 Ng8h6
5.c3 Bf8d6
6.Ne5c4 Qd8f6
7.Nc4xd6 Qf6xd6
8.cxb4 Qd6xb4
9.Nb1c3 O-O
10.d4 Qb4d6
11.e5 Rf8e8
12.O-O Qd6g6
13.Nc3d5 Ra8b8
14.Nd5xc7 Re8d8
15.Bc1f4 Nh6f5
16.Nc7d5 d6
17.exd6 Nf5xd6
18.Bf4xd6 Bc8h3
19.Nd5f4 Bh3g4
20.f3 Bg4xf3
21.Nf4xg6 Bf3xd1
22.Bd6xb8 Bd1c2
23.Ng6e7 Kf8
24.Ne7f5 Rd8xb8
25.Nf5d6 Rb8d8
26.Nd6xf7 Rd8xd4
27.Nf7h6 Ke7
28.Rf1c1 Bc2g6
29.Rc1e1 Kd6
30.Nh6g8 Kc7
31.Ng8e7 Rd4b4
32.Ra1c1 Kb6
33.Bb5c4 Kc7
34.Ne7d5  { time }
1-0

[Event "Tourn. n9903"]
[Site "www.echecsemail.com"]
[Date "2018.09.03"]
[Round "1"]
[White "Bevittsmith"]
[Black "Bojan"]
[WhiteElo "2220"]
[BlackElo "2000"]
[Result "1-0"]
[Round "1"]
1.e4 e5
2.Ng1f3 d6
3.d4 Bc8g4
4.dxe5 dxe5
5.Qd1xd8 Kxd8
6.Nf3xe5 Bg4e6
7.Bc1e3 Bf8d6
8.Ne5c4 Bd6e7
9.Nb1c3 Be7b4
10.O-O-O Ke7
11.Nc3d5 Be6xd5
12.exd5 Ng8f6
13.a3 Bb4d6
14.Nc4xd6 Kxd6
15.Be3f4 Kd7
16.Bf1b5 Kd8
17.Rh1e1 h6
18.c4 Nb8d7
19.b4 Nd7b6
20.c5 a6
21.cxb6 axb5
22.bxc7 Kd7
23.Kb2 Nf6h5
24.Bf4g3 Nh5xg3
25.hxg3 Ra8a6
26.Re1e3 Kxc7
27.Re3e7 Kd6
28.Re7xb7 Rh8f8
29.Rb7xb5 g6
30.Rb5c5 Rf8e8
31.Rc5c2 f5
32.b5 Ra6a5
33.Rc2c6 Kd7
34.Rc6xg6 Ra5xb5
35.Kc3 Re8c8
36.Rg6c6 Rc8a8
37.Rc6xh6 Ra8xa3
38.Kd4 Rb5b2
39.Ke5 Rb2xf2
40.Rh6h7 Kd8
41.Rd1b1 Rf2e2
42.Kf6 Ra3a8
43.Rb1b7 Ra8a6
44.Kg5 Kc8
45.Rb7f7 Re2e8
46.Rf7xf5 Ra6d6
47.Kf4 Rd6g6
48.g4 Kd8
49.g5 Rg6b6
50.Rh7h6 Rb6b4
51.Kf3 Re8g8
52.Rh6d6 Ke7
53.Rd6e6 Kd8
54.g6 Rb4b7
55.Kf4 Rb7g7
56.Kg5 Rg8h8
57.Rf5f7 Rg7g8
58.g7 Kc8
59.Re6f6 { resign }
1-0

[Event "Match"]
[Site "www.echecsemail.com"]
[Date "2018.09.03"]
[Round "1"]
[White "Apdash"]
[Black "Geodad5"]
[WhiteElo "2150"]
[BlackElo "2140"]
[Result "1-0"]
[Round "1"]
1.d4 d5
2.c4 e6
3.Nb1c3 Ng8f6
4.Bc1g5 Bf8e7
5.e3 O-O
6.Ng1f3 c6
7.cxd5 exd5
8.Bf1e2 Bc8e6
9.O-O Nb8d7
10.Qd1c2 h6
11.Bg5h4 Ra8c8
12.Qc2b3 b6
13.Be2a6 Qd8c7
14.Ba6xc8 Qc7xc8
15.Ra1c1 Qc8b7
16.Nf3e5 Nd7xe5
17.dxe5 Nf6h7
18.Bh4xe7 Qb7xe7
19.Qb3d1 f6
20.exf6 Qe7xf6
21.Qd1a4 c5
22.Qa4xa7 Be6f7
23.Qa7c7 Nh7g5
24.f4 Ng5e6
25.Qc7xb6 { resign }
1-0

[Event "Tourn. n9899"]
[Site "www.echecsemail.com"]
[Date "2018.09.03"]
[Round "1"]
[White "Francesco"]
[Black "Apdash"]
[WhiteElo "1840"]
[BlackElo "1900"]
[Result "0-1"]
[Round "1"]
1.e4 c5
2.Ng1f3 d6
3.d4 cxd4
4.Nf3xd4 Nb8c6
5.Nd4xc6 bxc6
6.Bf1c4 Ng8f6
7.Nb1c3 e6
8.e5 Nf6d5
9.Nc3xd5 exd5
10.Bc4b3 dxe5
11.O-O Bf8d6
12.Rf1e1 O-O
13.c3 Bc8f5
14.Qd1h5 Bf5g6
15.Qh5f3 Qd8c7
16.h3 Ra8e8
17.Bc1g5 e4
18.Qf3e2 h6
19.Bg5e3 Kh7
20.Qe2a6 Re8a8
21.Ra1d1 f5
22.Bb3a4 f4
23.Be3c1 Ra8c8
24.Kf1 e3
25.f3 Bd6c5
26.Qa6e2 Bc5b6
27.Ba4c2 Bg6xc2
28.Qe2xc2 g6
29.c4 dxc4
30.Qc2xc4 Rc8d8
31.Ke2 h5
32.b4 c5
33.b5 Qc7e7
34.Bc1b2 Qe7h4
35.Re1f1 Rd8xd1
36.Kxd1 Qh4d8
37.Kc1 Qd8d2
38.Kb1 e2
39.Rf1c1 e1Q
40.Rc1xe1 Qd2xe1
41.Bb2c1 Qe1b4
{ resign }
0-1

[Event "Tourn. n9907"]
[Site "www.echecsemail.com"]
[Date "2018.09.03"]
[Round "1"]
[White "Kuriero"]
[Black "Fabos12"]
[WhiteElo "1909"]
[BlackElo "1960"]
[Result "1-0"]
[Round "1"]
1.d4 e6
2.e4 Nb8c6
3.Ng1f3 d5
4.Nb1d2 h6
5.c3 dxe4
6.Nd2xe4 Ng8f6
7.Bf1d3 Nf6xe4
8.Bd3xe4 Nc6e7
9.O-O f5
10.Be4d3 Ne7d5
11.Nf3e5 h5
12.Bd3e2 Nd5f6
13.Bc1g5 h4
14.Be2h5 Rh8xh5
15.Bg5xf6 Qd8xf6
16.Qd1xh5 Ke7
17.Ne5g6 Kd6
18.Ng6xf8 Qf6xf8
19.Qh5xh4 f4
20.Qh4g5 g6
{ time. }
1-0

[Event "Tourn. n9859"]
[Site "www.echecsemail.com"]
[Date "2018.09.03"]
[Round "1"]
[White "Tarasch"]
[Black "Amaya"]
[WhiteElo "2130"]
[BlackElo "2140"]
[Result "1-0"]
[Round "1"]
1.d4 Ng8f6
2.c4 d6
3.Nb1c3 Nb8d7
4.Ng1f3 g6
5.e3 Bf8g7
6.Bf1e2 O-O
7.O-O e5
8.dxe5 dxe5
9.b3 e4
10.Nf3d4 Nd7e5
11.Bc1b2 Qd8e7
12.Qd1c2 Bc8g4
13.Ra1d1 Bg4xe2
14.Nc3xe2 Ne5g4
15.h3 Ng4e5
16.Ne2c1 Ra8d8
17.Nd4e2 Ne5d3
18.Nc1xd3 exd3
19.Rd1xd3 Qe7e4
20.Rf1d1 Rd8xd3
21.Qc2xd3 Qe4e6
22.Ne2f4 Qe6c6
23.Nf4d5 Nf6xd5
24.Bb2xg7 Kxg7
25.Qd3xd5 Qc6b6
26.Qd5e5 Kg8
27.Rd1d7 c6
28.Qe5e7 Qb6a5
29.g3 Qa5f5
30.Rd7xb7 a5
31.Qe7d7 Qf5b1
32.Kg2 Qb1e4
33.Kh2 Qe4f3
34.Kg1 h5
35.h4 g5
36.hxg5 h4
37.gxh4 Qf3e2
38.a4 { resign }
1-0

[Event "Tourn. n9932"]
[Site "www.echecsemail.com"]
[Date "2018.09.03"]
[Round "1"]
[White "J1j6"]
[Black "Trisomie73"]
[WhiteElo "1970"]
[BlackElo "1809"]
[Result "0-1"]
[Round "1"]
1.c4 g6
2.d4 Ng8f6
3.Nb1c3 d5
4.c5 b6
5.cxb6 axb6
6.Qd1c2 Bf8g7
7.g3 c5
8.dxc5 bxc5
9.Bc1d2 Bc8f5
10.Qc2b3 Nb8c6
11.Bf1g2 Nc6d4
12.Qb3d1 Nd4c2
13.Kf1 Nc2xa1
14.Qd1xa1 O-O
15.Ng1f3 d4
16.Nc3b5 Qd8b6
17.Nb5a3 d3
18.Nf3e5 dxe2
19.Kxe2 Nf6g4
20.Bg2xa8 Ng4xe5
21.Ba8d5 Qb6d6
22.Bd5b3 Qd6d3
23.Kd1 Qd3f3
24.Kc1 Qf3xh1
25.Bb3d1 Ne5d3
26.Kc2 Nd3xb2
27.Kc1 Qh1xd1

0-1

[Event "1/128 Finale"]
[Site "www.chess-mail.com"]
[Date "2018.09.03"]
[Round "1"]
[White "J1j6"]
[Black "Redapond1"]
[WhiteElo "1930"]
[BlackElo "1400"]
[Result "1-0"]
[Round "1"]
1.e4 e5
2.Ng1f3 Nb8c6
3.Bf1c4 h6
4.d4 exd4
5.Nf3xd4 Nc6xd4
6.Qd1xd4 Qd8f6
7.Qd4xf6 Ng8xf6
8.Nb1c3 Bf8c5
9.Nc3b5 Bc5b6
10.e5 Nf6g4
11.O-O a6
12.Nb5c3 O-O
13.Bc1f4 Rf8e8
14.Ra1e1 Kh8
15.h3 Ng4xf2
16.Rf1xf2 Bb6xf2
17.Kxf2 b5
18.Bc4xf7 Re8f8
19.g3 Rf8xf7
20.Nc3d5 c6
21.Nd5c7 Ra8a7
22.Nc7e8 g5
23.Ne8d6 Rf7f8
24.Nd6xc8 Rf8xc8
25.Bf4e3 Ra7a8
26.Be3d4 c5
27.Bd4c3 b4
28.Bc3d2 Rc8f8
29.Kg2 Rf8f5
30.g4 Rf5f7
31.c3 bxc3
32.Bd2xc3 Kh7
33.Re1e4 Ra8f8
34.Re4e2 Kg6
35.b3 Rf7e7
36.b4  { time }
1-0

[Event "Fast Game"]
[Site "www.echecsemail.com"]
[Date "2018.09.03"]
[Round "1"]
[White "Apdash"]
[Black "Stevep84"]
[WhiteElo "1920"]
[BlackElo "2030"]
[Result "1-0"]
[Round "1"]
1.e4 d5
2.exd5 Ng8f6
3.Ng1f3 Nf6xd5
4.Bf1c4 Nd5b6
5.Bc4b3 Bc8g4
6.d3 Nb8c6
7.Bc1f4 e6
8.Nb1d2 Bf8d6
9.Bf4xd6 Qd8xd6
10.h3 Bg4h5
11.g4 Bh5g6
12.Qd1e2 O-O-O
13.O-O-O Nc6b4
14.Kb1 e5
15.Nd2c4 Nb6xc4
16.dxc4 Qd6a6
17.a3 Nb4d5
18.Nf3h4 f6
19.Nh4xg6 hxg6
20.Qe2e4 Nd5e7
21.Rd1xd8 Rh8xd8
22.Kc1 Qa6d6
23.Qe4e2 f5
24.Rh1e1 Ne7c6
25.c3 e4
26.Re1d1 Qd6f4
27.Qe2e3 Qf4e5
28.Rd1d5 Qe5f6
29.Bb3a4 a6
30.Ba4xc6 Qf6xc6
31.Qe3d4 Rd8xd5
32.cxd5 Qc6f6
33.Qd4a7 Qf6b6
34.Qa7xb6 cxb6
35.c4 b5
36.c5 b6
37.c6 Kc7
38.Kd2 f4
39.b4 Kd6
40.g5 a5
41.Ke2 Ke7
42.c7 Kd7
43.d6 Kc8
44.Kd2 Kd7
45.h4 Kc8
46.Kc3 Kd7
47.Kd4 e3
48.fxe3 f3
49.Kd3 Kc8
50.e4 { resign }
1-0

[Event "Fast Game"]
[Site "www.echecsemail.com"]
[Date "2018.09.03"]
[Round "1"]
[White "Hennie4820"]
[Black "Trisomie73"]
[WhiteElo "1740"]
[BlackElo "1599"]
[Result "0-1"]
[Round "1"]
1.e4 e5
2.Ng1f3 Nb8c6
3.Bf1c4 Bf8c5
4.d4 exd4
5.c3 Ng8f6
6.e5 d5
7.exd6 Bc8g4
8.dxc7 Qd8xc7
9.O-O O-O-O
 { time }
0-1

[Event "Tourn. n9730"]
[Site "www.chess-mail.com"]
[Date "2018.09.04"]
[Round "1"]
[White "Seger"]
[Black "Numanoid"]
[WhiteElo "2770"]
[BlackElo "2360"]
[Result "1/2-1/2"]
[Round "1"]
1.d4 d5
2.c4 e6
3.Nb1c3 Ng8f6
4.Ng1f3 c6
5.e3 Nb8d7
6.Qd1c2 Bf8d6
7.b3 O-O
8.Bf1e2 b6
9.O-O Bc8b7
10.Bc1b2 Qd8e7
11.Rf1d1 Rf8d8
12.a4 a5
13.Be2d3 Ra8c8
14.Qc2e2 Rd8e8
15.Ra1c1 h6
16.Nf3d2 e5
17.dxe5 Nd7xe5
18.cxd5 cxd5
19.Nc3b5 Rc8xc1
20.Rd1xc1 Bd6c5
21.Bd3b1 Bb7a6
22.Rc1d1 Bc5d6
23.h3 Re8d8
24.Bb1c2 Rd8c8
25.Bc2f5 Rc8c6
26.Nd2f1 g6
27.Bf5b1 Ne5d7
28.Bb1d3 Nd7c5
29.Nb5d4 Ba6xd3
30.Rd1xd3 Rc6c8
31.Rd3d1 Bd6e5
32.Nf1h2 Nf6e4
33.Nh2f3 Be5f6
34.Qe2c2 Qe7f8
35.Qc2b1 Qf8g7
36.Rd1c1 Qg7f8
37.Bb2a3 Qf8e7
38.Nd4b5 Qe7d7
39.Rc1f1 h5
40.Ba3b2 Bf6xb2
41.Qb1xb2 Nc5d3
42.Qb2d4 Nd3c5
43.Nb5c3 Rc8d8
44.Nc3b5 Rd8c8
45.Qd4d1 Nc5e6
46.Nf3d4 Ne6xd4
47.Qd1xd4 Qd7e6
48.Qd4d3 Ne4c5
49.Qd3d1 Nc5e4
50.Qd1d3 Ne4c5
51.Qd3d1 Nc5e4
52.Nb5d4 Qe6e7
53.Nd4e2 Qe7e5
54.Qd1d3 Rc8c5
55.Ne2d4 Qe5c7
56.Nd4e2 Qc7e5
57.Ne2d4 Qe5c7
58.Qd3d1 Ne4c3
59.Qd1d2 Nc3e4
{ draw }
1/2-1/2

[Event "Match"]
[Site "www.echecsemail.com"]
[Date "2018.09.04"]
[Round "1"]
[White "Apdash"]
[Black "Luzhin"]
[WhiteElo "2150"]
[BlackElo "2450"]
[Result "0-1"]
[Round "1"]
1.e4 e5
2.Ng1f3 Nb8c6
3.Bf1b5 a6
4.Bb5a4 Ng8f6
5.O-O b5
6.Ba4b3 Bc8b7
7.Rf1e1 Bf8c5
8.c3 d6
9.d4 Bc5b6
10.Bc1g5 h6
11.Bg5h4 g5
12.Bh4g3 O-O
13.dxe5 Nc6xe5
14.Bg3xe5 dxe5
15.Nf3xe5 Nf6xe4
16.Qd1xd8 Ra8xd8
17.Kf1 Ne4xf2
18.Ne5g6 Rf8e8
19.Ng6e5 Kg7
20.Ne5xf7 Re8xe1
21.Kxe1 Rd8e8
22.Kd2 Bb6e3
23.Ke2 Be3c5
24.Kf1 Nf2g4
25.h3 Ng4h2
{ resign }
0-1

[Event "Match"]
[Site "www.echecsemail.com"]
[Date "2018.09.04"]
[Round "1"]
[White "Alessiov"]
[Black "Jesmantiz"]
[WhiteElo "2260"]
[BlackElo "2230"]
[Result "1-0"]
[Round "1"]
1.e4 d6
2.d4 e6
3.Ng1f3 c6
4.Bf1d3 g6
5.O-O Bf8g7
6.Bc1e3 Ng8e7
7.Qd1d2 h6
8.c4 g5
9.Nb1c3 Ne7g6
10.Ra1d1 O-O
11.e5 d5
12.h4 g4
13.Nf3h2 Qd8xh4
14.Bd3e2 g3
15.fxg3 Qh4xg3
16.Rf1f3 Qg3h4
17.Rf3h3 Qh4e7
18.Be3xh6 f5
19.Rh3g3 Kh7
20.Be2h5 f4
21.Bh5xg6 Kxh6
22.Qd2e2 { resign }
1-0

[Event "Tourn. n9926"]
[Site "www.echecsemail.com"]
[Date "2018.09.04"]
[Round "1"]
[White "Pdebonis"]
[Black "Cathar"]
[WhiteElo "2700"]
[BlackElo "2370"]
[Result "1-0"]
[Round "1"]
1.d4 d5
2.c4 dxc4
3.Ng1f3 Ng8f6
4.e3 Bc8g4
5.Bf1xc4 e6
6.h3 Bg4h5
7.Nb1c3 Nb8d7
8.O-O Bf8b4
9.Qd1b3 c5
10.d5 Bb4xc3
11.dxe6 Bc3a5
12.exd7 { resign }
1-0

[Event "Match"]
[Site "www.echecsemail.com"]
[Date "2018.09.04"]
[Round "1"]
[White "Fantomas"]
[Black "Joskomol"]
[WhiteElo "2100"]
[BlackElo "2290"]
[Result "1/2-1/2"]
[Round "1"]
1.c4 e5
2.e4 Nb8c6
3.Nb1c3 Bf8c5
4.Ng1f3 d6
5.h3 Ng8f6
6.d3 h6
7.Bf1e2 Bc8d7
8.Nc3a4 b6
9.Na4xc5 bxc5
10.O-O Nf6h7
11.Bc1e3 Nh7f8
12.Qd1d2 Nf8g6
13.a3 Ra8b8
14.Ra1b1 Rb8b3
15.Rf1c1 Nc6a5
{ draw }
1/2-1/2

[Event "Match"]
[Site "www.echecsemail.com"]
[Date "2018.09.04"]
[Round "1"]
[White "Caspito"]
[Black "Darknight"]
[WhiteElo "1890"]
[BlackElo "1970"]
[Result "1/2-1/2"]
[Round "1"]
1.e4 e5
2.Ng1e2 Ng8f6
3.f4 Qd8e7
4.Nb1c3 c6
5.f5 h6
6.d4 d5
7.Bc1e3 dxe4
8.Ne2g3 Qe7b4
9.dxe5 Nf6d5
10.Be3d4 e3
11.Ng3e4 Bc8xf5
12.Bf1d3 Bf5xe4
13.Bd3xe4 c5
{ draw }
1/2-1/2

[Event "Tourn. n9914"]
[Site "www.echecsemail.com"]
[Date "2018.09.04"]
[Round "1"]
[White "Joskomol"]
[Black "Bojan"]
[WhiteElo "2240"]
[BlackElo "2070"]
[Result "1/2-1/2"]
[Round "1"]
1.e4 e5
2.Ng1f3 d6
3.Nb1c3 Bc8e6
4.d4 exd4
5.Qd1xd4 a6
6.Nf3g5 Qd8d7
7.Bc1e3 Nb8c6
8.Qd4d2 Be6g4
9.h3 Bg4h5
10.g4 Bh5g6
11.Ra1c1 Bf8e7
12.f4 h6
13.Ng5f3 { draw }
1/2-1/2

[Event "Tourn. n9865"]
[Site "www.echecsemail.com"]
[Date "2018.09.04"]
[Round "1"]
[White "Andychesston"]
[Black "Mitja"]
[WhiteElo "2030"]
[BlackElo "2030"]
[Result "0-1"]
[Round "1"]
1.e4 d5
2.exd5 Qd8xd5
3.Nb1c3 Qd5d8
4.Ng1f3 e6
5.d4 c6
6.Bc1f4 h6
7.Bf1c4 Ng8f6
8.Nf3e5 Nb8d7
9.O-O Nf6d5
10.Nc3xd5 Nd7xe5
11.Nd5c7 Qd8xc7
12.dxe5 b6
13.Qd1e2 Bc8b7
14.Bc4a6 Bb7xa6
15.Qe2xa6 c5
16.Ra1d1 Bf8e7
17.Qa6b5 Kf8
18.Rd1d7 Qc7c8
19.Rf1d1 g6
20.Qb5d3 g5
21.Bf4g3 Qc8e8
22.Qd3b5 Kg7
23.Qb5c6 Ra8d8
24.Qc6c7 Rd8xd7
25.Rd1xd7 Be7d8
26.Qc7xa7 Rh8f8
27.Rd7d3 Qe8b5
28.Qa7a3 Bd8e7
29.h3 Rf8e8
30.Qa3c3 Re8d8
31.Rd3xd8 Be7xd8
32.b3 Qb5a5
33.Qc3xa5 bxa5
34.f4 gxf4
35.Bg3xf4 Bd8g5
36.g3 Kg6
37.a3 Bg5xf4
38.gxf4 Kf5
39.c3 Kxf4
40.b4 cxb4
41.cxb4 axb4
42.axb4 Kxe5
43.Kf2 Kd5
44.Ke3 Kc4
45.Ke4 f6
46.b5 Kxb5
47.h4 h5
48.Kd4 Kc6
49.Ke4 Kd6
50.Kd4 f5
51.Ke3 e5
52.Kd3 Kd5
53.Ke3 f4
54.Kf3 Kd4
55.Ke2 Ke4
56.Kf2 Kd3
57.Kf3 e4
58.Kxf4 e3
59.Kg5 e2
60.Kxh5 e1Q
61.Kg5 Qe1g1
62.Kh6 Qg1g8
63.h5 Qg8h8
64.Kg6 Ke4
65.h6 Ke5
66.h7 Ke6
67.Kh6 Kf7
{ resign }
0-1

[Event "Tourn. n9922"]
[Site "www.echecsemail.com"]
[Date "2018.09.04"]
[Round "1"]
[White "Dougbeer"]
[Black "Cathar"]
[WhiteElo "2260"]
[BlackElo "2370"]
[Result "1-0"]
[Round "1"]
1.e4 c5
2.Nb1c3 g6
3.f4 Bf8g7
4.Ng1f3 Nb8c6
5.Bf1b5 Nc6d4
6.O-O a6
7.Bb5d3 d6
8.Nf3xd4 cxd4
9.Nc3e2 Ng8f6
10.Kh1 O-O
11.Ne2xd4 Nf6xe4
12.Bd3xe4 Bg7xd4
13.Qd1f3 Ra8b8
14.c3 Bd4g7
15.f5 Qd8c7
16.d4 b5
17.Bc1d2 Bc8b7
18.Ra1e1 Bb7xe4
19.Qf3xe4 Rf8e8
20.fxg6 hxg6
21.Rf1xf7 Kxf7
22.Qe4e6 Kf8
23.Re1f1 { resign }
1-0